[Event "Oberliga Nord W 1112"]
[Site "Germany"]
[Date "2011.12.11"]
[Round "4.8"]
[White "Dornieden, Manfred"]
[Black "Langenfeld, Stefan"]
[Result "1/2-1/2"]
[WhiteElo "2217"]
[BlackElo "1943"]
[PlyCount "54"]
[EventDate "2011.10.02"]
[EventType "team-tourn"]
[EventRounds "9"]
[EventCountry "GER"]
[SourceTitle "EXT 2013"]
[Source "ChessBase"]
[SourceDate "2012.11.22"]
[SourceVersion "1"]
[SourceVersionDate "2012.11.22"]
[SourceQuality "1"]
[WhiteTeam "Oldenburg Union"]
[BlackTeam "Salzgitter"]
[WhiteTeamCountry "GER"]
[BlackTeamCountry "GER"]

1. c4 c6 2. Nf3 d5 3. b3 e6 4. g3 f5 5. Bb2 Nf6 6. Bg2 Bd6 7. 0-0 0-0 8. d3 Qe7 9. Nbd2 e5 10. e4 fxe4 11. dxe4 d4 12. Ne1 Bg4 13. f3 Be6 14. Nd3 Nbd7 15. a3 a5 16. Qc2 Nc5 17. Nxc5 Bxc5 18. Qd3 Qd7 19. a4 Bh3 20. Rf2 Bxg2 21. Kxg2 Nh5 22. Nf1 Rf6 23. Bc1 Raf8 24. g4 Nf4+ 25. Bxf4 Rxf4 26. Ng3 g6 27. Raf1 Be7 1/2-1/2

[Event "GER-chT Seniors 20th"]
[Site "Gladenbach"]
[Date "2011.09.16"]
[Round "6.2"]
[White "Rotstein, Jefim"]
[Black "Dornieden, Manfred"]
[Result "1-0"]
[WhiteElo "2279"]
[BlackElo "2117"]
[PlyCount "113"]
[EventDate "2011.09.11"]
[EventType "team-swiss"]
[EventRounds "7"]
[EventCountry "GER"]
[SourceTitle "CBM 144 Extra"]
[Source "ChessBase"]
[SourceDate "2011.10.28"]
[SourceVersion "1"]
[SourceVersionDate "2011.10.28"]
[SourceQuality "1"]
[WhiteTeam "NRW"]
[BlackTeam "Niedersachsen"]
[WhiteTeamCountry "GER"]
[BlackTeamCountry "GER"]

1. f4 g6 2. Nf3 Bg7 3. d3 d6 4. e4 c5 5. Be2 Nc6 6. 0-0 Nf6 7. Qe1 0-0 8. Qh4 Nd4 9. Nxd4 cxd4 10. f5 Nd7 11. Nd2 Ne5 12. Nf3 Nxf3+ 13. Rxf3 Bf6 14. Bg5 Bxg5 15. Qxg5 f6 16. Qh6 g5 17. Rh3 Rf7 18. Bh5 Qf8 19. Bxf7+ Qxf7 20. Rg3 Qg7 21. Qxg7+ Kxg7 22. h4 h6 23. Kf2 Bd7 24. Ke2 Rc8 25. Kd2 Rc5 26. Rh1 Be8 27. Rf3 Bf7 28. g4 a5 29. hxg5 hxg5 30. Rfh3 Rb5 31. b3 Rc5 32. Rh7+ Kf8 33. Rb1 Re5 34. c3 dxc3+ 35. Kxc3 d5 36. Kd4 dxe4 37. dxe4 Rb5 38. Rc1 Kg8 39. Rh2 Rb4+ 40. Kd3 a4 41. bxa4 Rxa4 42. Rb2 Ra7 43. Rc8+ Kg7 44. Rc7 Ra3+ 45. Kd2 b5 46. Rxe7 Kf8 47. Rc7 Bc4 48. Kc1 Re3 49. Rh2 Kg8 50. Rd2 Rc3+ 51. Kb2 Rd3 52. Rxd3 Bxd3 53. Re7 Be2 54. Rb7 Bxg4 55. Rxb5 Bf3 56. Rb4 g4 57. Kc3 1-0

[Event "GER-chT Seniors 20th"]
[Site "Gladenbach"]
[Date "2011.09.13"]
[Round "3.2"]
[White "Neumann, Joachim"]
[Black "Dornieden, Manfred"]
[Result "0-1"]
[WhiteElo "2036"]
[BlackElo "2117"]
[PlyCount "64"]
[EventDate "2011.09.11"]
[EventType "team-swiss"]
[EventRounds "7"]
[EventCountry "GER"]
[SourceTitle "CBM 144 Extra"]
[Source "ChessBase"]
[SourceDate "2011.10.28"]
[SourceVersion "1"]
[SourceVersionDate "2011.10.28"]
[SourceQuality "1"]
[WhiteTeam "Schleswig Holstein"]
[BlackTeam "Niedersachsen"]
[WhiteTeamCountry "GER"]
[BlackTeamCountry "GER"]

1. e4 g6 2. d4 Bg7 3. Nc3 d6 4. f4 Nf6 5. Nf3 0-0 6. Bd3 c5 7. d5 e6 8. 0-0 exd5 9. exd5 Na6 10. f5 c4 11. Bxc4 Bxf5 12. Be3 Nb4 13. Nd4 Ng4 14. Nxf5 gxf5 15. Bd4 Bxd4+ 16. Qxd4 Nxc2 17. Qf4 Nxa1 18. Bd3 Ne5 19. Bxf5 Qb6+ 20. Kh1 Ng6 21. Qd2 Rae8 22. Ne4 Rxe4 23. Bxe4 Nb3 24. axb3 Qxb3 25. h3 Qc4 26. Re1 Re8 27. Bf3 Rxe1+ 28. Qxe1 Qf4 29. Qe8+ Kg7 30. Qd7 Qc1+ 31. Kh2 Qxb2 32. Kh1 Qb4 0-1

[Event "Niedersachsen-ch Seniors 45th"]
[Site "Sottrum"]
[Date "2011.05.07"]
[Round "8"]
[White "Gerhardt, Peter Michael"]
[Black "Dornieden, Manfred"]
[Result "0-1"]
[WhiteElo "2138"]
[BlackElo "2197"]
[PlyCount "102"]
[EventDate "2011.04.30"]
[EventType "swiss"]
[EventRounds "9"]
[EventCountry "GER"]
[SourceTitle "EXT 2023"]
[Source "ChessBase"]
[SourceDate "2022.10.05"]
[SourceVersion "1"]
[SourceVersionDate "2022.10.05"]
[SourceQuality "1"]

1. Nf3 g6 2. g3 Bg7 3. Bg2 c5 4. 0-0 Nc6 5. c3 e5 6. e3 Nge7 7. d4 exd4 8. exd4 cxd4 9. cxd4 d5 10. Nc3 0-0 11. Bg5 h6 12. Bxe7 Qxe7 13. Nxd5 Qd6 14. Ne3 Nxd4 15. Nxd4 Qxd4 16. Qxd4 Bxd4 17. Rab1 Rb8 18. b3 Be6 19. Nd5 Kg7 20. Rbc1 g5 21. Rfd1 Bb2 22. Rc2 Ba3 23. Ne3 b6 24. Rc7 a5 25. Bd5 Rbe8 26. Bxe6 Rxe6 27. Rd2 Bc5 28. Nc4 Rfe8 29. Rdd7 Rf6 30. Rd2 g4 31. Kg2 Ree6 32. Nb2 Rd6 33. Rc2 Rxf2+ 34. Rxf2 Bxf2 35. Nc4 Rf6 36. Ne5 Bc5 37. Nxg4 Re6 38. h4 h5 39. Nh2 Re2+ 40. Kh1 Rxa2 41. Nf3 Rb2 42. Ng5 Rxb3 43. Ne6+ Kg6 44. Nxc5 bxc5 45. Rxc5 Rxg3 46. Kh2 Rg4 47. Kh3 a4 48. Ra5 Rb4 49. Rg5+ Kh6 50. Ra5 Rb3+ 51. Kg2 a3 0-1

[Event "Niedersachsen-ch Seniors 45th"]
[Site "Sottrum"]
[Date "2011.05.06"]
[Round "7"]
[White "Jentsch, Dieter"]
[Black "Dornieden, Manfred"]
[Result "0-1"]
[WhiteElo "2180"]
[BlackElo "2197"]
[PlyCount "78"]
[EventDate "2011.04.30"]
[EventType "swiss"]
[EventRounds "9"]
[EventCountry "GER"]
[SourceTitle "EXT 2023"]
[Source "ChessBase"]
[SourceDate "2022.10.05"]
[SourceVersion "1"]
[SourceVersionDate "2022.10.05"]
[SourceQuality "1"]

1. e4 g6 2. Nf3 Bg7 3. d4 d6 4. Bc4 Nf6 5. Nc3 0-0 6. 0-0 Nxe4 7. Nxe4 d5 8. Bd3 dxe4 9. Bxe4 Nd7 10. c3 c6 11. Re1 e5 12. Qb3 exd4 13. Nxd4 Nc5 14. Qc2 Nxe4 15. Qxe4 Bd7 16. Be3 c5 17. Nf3 Bc6 18. Qf4 b6 19. Rad1 Qb8 20. Qg4 Qb7 21. Bg5 Rfe8 22. Rxe8+ Rxe8 23. Kf1 Qa6+ 24. Kg1 Qxa2 25. Bc1 Qa4 26. Qxa4 Bxa4 27. Rd6 Bf8 28. Rd3 Bb5 29. Rd1 f6 30. Bf4 Kf7 31. Bc7 Re7 32. Bb8 Rb7 33. Bg3 Be2 34. Rd8 Be7 35. Rh8 h5 36. h4 Bf8 37. Bf4 Kg7 38. Rh6 Bxf3 39. gxf3 Rd7 0-1

[Event "Niedersachsen-ch Seniors 45th"]
[Site "Sottrum"]
[Date "2011.05.05"]
[Round "6"]
[White "Dornieden, Manfred"]
[Black "Pape, Manfred"]
[Result "1-0"]
[WhiteElo "2197"]
[BlackElo "2230"]
[PlyCount "81"]
[EventDate "2011.04.30"]
[EventType "swiss"]
[EventRounds "9"]
[EventCountry "GER"]
[SourceTitle "EXT 2023"]
[Source "ChessBase"]
[SourceDate "2022.10.05"]
[SourceVersion "1"]
[SourceVersionDate "2022.10.05"]
[SourceQuality "1"]

1. c4 Nf6 2. Nf3 g6 3. g3 Bg7 4. Bg2 d6 5. Nc3 0-0 6. 0-0 Nc6 7. d4 Bg4 8. h3 Bd7 9. e4 e5 10. dxe5 dxe5 11. Be3 Qc8 12. Kh2 h6 13. Qe2 Re8 14. Rfd1 Kh7 15. Rd2 Be6 16. Rad1 Ng8 17. Nd5 f5 18. Nh4 Nd4 19. Bxd4 exd4 20. Qd3 Bxd5 21. cxd5 Ne7 22. f4 Rf8 23. e5 g5 24. Nf3 gxf4 25. gxf4 Nxd5 26. Qxd4 c6 27. Nh4 Qe8 28. Bxd5 cxd5 29. Qf2 Qa4 30. Rxd5 Rac8 31. b3 Qe4 32. R5d4 Rc2 33. R1d2 Rxd2 34. Qxd2 Qb1 35. Rd7 Qe4 36. Ng2 Kh8 37. Qd5 Qxd5 38. Rxd5 Rf7 39. Ne3 Bf8 40. Rd8 Kg8 41. Nd5 1-0

[Event "Niedersachsen-ch Seniors 45th"]
[Site "Sottrum"]
[Date "2011.05.04"]
[Round "5"]
[White "Zotin, Vladimir"]
[Black "Dornieden, Manfred"]
[Result "0-1"]
[WhiteElo "1925"]
[BlackElo "2197"]
[PlyCount "38"]
[EventDate "2011.04.30"]
[EventType "swiss"]
[EventRounds "9"]
[EventCountry "GER"]
[SourceTitle "EXT 2023"]
[Source "ChessBase"]
[SourceDate "2022.10.05"]
[SourceVersion "1"]
[SourceVersionDate "2022.10.05"]
[SourceQuality "1"]

1. e4 g6 2. d4 Bg7 3. c3 d6 4. Nf3 Nf6 5. Bd3 0-0 6. h3 c5 7. 0-0 Nc6 8. d5 Nb8 9. Be3 b6 10. Qc1 Ba6 11. c4 e6 12. Nc3 e5 13. Bh6 Ne8 14. g3 Qf6 15. Kg2 g5 16. Rh1 Qxh6 17. Nd1 Bc8 18. Rb1 a5 19. Bc2 f5 0-1

[Event "Niedersachsen-ch Seniors 45th"]
[Site "Sottrum"]
[Date "2011.05.01"]
[Round "2"]
[White "Dornieden, Manfred"]
[Black "Davydov, Mihail"]
[Result "1/2-1/2"]
[WhiteElo "2197"]
[BlackElo "2009"]
[PlyCount "98"]
[EventDate "2011.04.30"]
[EventType "swiss"]
[EventRounds "9"]
[EventCountry "GER"]
[SourceTitle "EXT 2023"]
[Source "ChessBase"]
[SourceDate "2022.10.05"]
[SourceVersion "1"]
[SourceVersionDate "2022.10.05"]
[SourceQuality "1"]

1. c4 e5 2. Nc3 Bb4 3. Nf3 Nc6 4. Nd5 Be7 5. d3 d6 6. g3 f5 7. Bg2 Nf6 8. 0-0 0-0 9. Bd2 Rb8 10. Bc3 b6 11. b4 Bb7 12. Ng5 Qd7 13. e3 h6 14. Nf3 Ne8 15. Qb3 Kh7 16. Rac1 Nf6 17. d4 e4 18. Nd2 Rbe8 19. Nxe7 Rxe7 20. d5 Ne5 21. Rfe1 Ne8 22. Red1 Nf7 23. Qc2 Ne5 24. Bxe5 Rxe5 25. Nb3 g6 26. Nd4 Ng7 27. a4 Rf7 28. a5 a6 29. axb6 cxb6 30. Ra1 Qc8 31. Nc6 Bxc6 32. dxc6 Qxc6 33. Rxa6 Rc7 34. Bf1 Ne8 35. Qa2 h5 36. h4 Ree7 37. Rd5 Nf6 38. Rb5 Nd7 39. Qa1 Re5 40. c5 dxc5 41. Raxb6 Nxb6 42. Qxe5 cxb4 43. Rxb4 Rg7 44. Rd4 Qc7 45. Qe8 Qe7 46. Qb8 Nd7 47. Qa8 Nf6 48. Bc4 Qa7 49. Qf8 Qe7 1/2-1/2

[Event "GER-chT Seniors 19th"]
[Site "Eckernfoerde"]
[Date "2010.09.17"]
[Round "5.2"]
[White "Dornieden, Manfred"]
[Black "Rosen, Willy"]
[Result "1/2-1/2"]
[WhiteElo "2070"]
[BlackElo "2160"]
[PlyCount "35"]
[EventDate "2010.09.13"]
[EventType "team-swiss"]
[EventRounds "7"]
[EventCountry "GER"]
[SourceTitle "EXT 2011"]
[Source "ChessBase"]
[SourceDate "2010.11.26"]
[SourceVersion "1"]
[SourceVersionDate "2010.11.26"]
[SourceQuality "1"]
[WhiteTeam "Niedersachsen"]
[BlackTeam "NRW II"]
[WhiteTeamCountry "GER"]
[BlackTeamCountry "GER"]

1. c4 e5 2. Nc3 Nf6 3. g3 d5 4. cxd5 Nxd5 5. Bg2 Nb6 6. d3 Be7 7. a3 0-0 8. Nf3 Nc6 9. 0-0 Re8 10. Be3 Bf8 11. Rc1 Nd4 12. Ne4 Bg4 13. Nxd4 exd4 14. Nc5 Bxc5 15. Rxc5 Qd6 16. b4 Nd7 17. Rc2 a5 18. b5 1/2-1/2

[Event "GER-ch Seniors 22nd"]
[Site "Berlin"]
[Date "2010.08.24"]
[Round "9"]
[White "Raabe, Joachim"]
[Black "Dornieden, Manfred"]
[Result "0-1"]
[WhiteElo "1790"]
[BlackElo "2121"]
[PlyCount "76"]
[EventDate "2010.08.16"]
[EventType "swiss"]
[EventRounds "9"]
[EventCountry "GER"]
[SourceTitle "CBM 138 Extra"]
[Source "ChessBase"]
[SourceDate "2010.10.29"]
[SourceVersion "1"]
[SourceVersionDate "2010.10.29"]
[SourceQuality "1"]

1. e4 g6 2. Nc3 Bg7 3. f4 c5 4. Nf3 Nc6 5. Bb5 Nd4 6. Bc4 e6 7. 0-0 Ne7 8. d3 0-0 9. Bb3 d5 10. Kh1 b6 11. Qe1 Bb7 12. Nxd4 cxd4 13. Nb5 dxe4 14. dxe4 Qd7 15. c4 Qc6 16. Bc2 Qxc4 17. Na3 Qc6 18. Rf3 Rad8 19. Bd3 f5 20. e5 Nd5 21. Nb5 Qc5 22. Bd2 a5 23. Nd6 Rxd6 24. exd6 Qxd6 25. Rc1 Nf6 26. Rf2 Ne4 27. Re2 e5 28. Bxe4 fxe4 29. Rxe4 Bxe4 30. Qxe4 exf4 31. Rc6 Qd8 32. Qe6+ Kh8 33. Rxb6 Rf6 34. Bxa5 Rxe6 35. Rxe6 Qxa5 36. Re8+ Bf8 37. Rxf8+ Kg7 38. Re8 Qd2 0-1

[Event "GER-ch Seniors 22nd"]
[Site "Berlin"]
[Date "2010.08.23"]
[Round "8"]
[White "Dornieden, Manfred"]
[Black "Ophoff, Rigobert"]
[Result "1/2-1/2"]
[WhiteElo "2121"]
[BlackElo "1806"]
[PlyCount "93"]
[EventDate "2010.08.16"]
[EventType "swiss"]
[EventRounds "9"]
[EventCountry "GER"]
[SourceTitle "CBM 138 Extra"]
[Source "ChessBase"]
[SourceDate "2010.10.29"]
[SourceVersion "1"]
[SourceVersionDate "2010.10.29"]
[SourceQuality "1"]

1. g3 Nf6 2. Bg2 Nc6 3. c4 d6 4. d4 g6 5. Nf3 Bg7 6. 0-0 0-0 7. Nc3 e5 8. dxe5 Nxe5 9. Nxe5 dxe5 10. Qc2 c6 11. Be3 Qe7 12. h3 Be6 13. Na4 Qc7 14. Rad1 b6 15. b3 Rad8 16. Kh2 Bf5 17. Qc1 Be4 18. Nc3 Bxg2 19. Kxg2 Rxd1 20. Rxd1 Rd8 21. Bg5 Rxd1 22. Qxd1 Nd7 23. Ne4 f6 24. Be3 Kf7 25. b4 Bf8 26. b5 cxb5 27. Qd5+ Kg7 28. cxb5 Nb8 29. Qe6 Qe7 30. Qc8 Nd7 31. Qb7 f5 32. Ng5 h6 33. Nf3 e4 34. Bd4+ Kf7 35. Ne5+ Nxe5 36. Qxe7+ Kxe7 37. Bxe5 Kd7 38. g4 Bd6 39. Bxd6 Kxd6 40. gxf5 gxf5 41. Kg3 Ke5 42. Kh4 Kf6 43. Kh5 Kg7 44. a3 Kh7 45. Kh4 Kg6 46. Kg3 Kf6 47. Kf4 1/2-1/2

[Event "Niedersachsen-ch Seniors 44th"]
[Site "Cadenberge"]
[Date "2010.04.15"]
[Round "3"]
[White "Dornieden, Manfred"]
[Black "Schallueck, Hans Christian"]
[Result "1-0"]
[WhiteElo "2122"]
[BlackElo "1641"]
[PlyCount "79"]
[EventDate "2010.04.13"]
[EventType "swiss"]
[EventRounds "9"]
[EventCountry "GER"]
[SourceTitle "EXT 2019"]
[Source "ChessBase"]
[SourceDate "2018.10.10"]
[SourceVersion "1"]
[SourceVersionDate "2018.10.10"]
[SourceQuality "1"]

1. g3 d5 2. Bg2 Nf6 3. Nf3 c5 4. 0-0 Nc6 5. d4 e6 6. c4 dxc4 7. Qa4 Bd7 8. Qxc4 cxd4 9. Nxd4 Rc8 10. Nc3 Be7 11. Rd1 Qb6 12. Ndb5 Na5 13. Qd3 0-0 14. Be3 Bc5 15. Bxc5 Qxc5 16. Nd6 Rc7 17. Nce4 Nxe4 18. Nxe4 Qe7 19. Qe3 b6 20. b3 Bc6 21. Rac1 Bd5 22. Rxc7 Qxc7 23. Rc1 Qd7 24. Qd3 Rc8 25. Rd1 Qc7 26. Ng5 Qc2 27. Bxd5 Qxd3 28. Rxd3 exd5 29. Rxd5 h6 30. Nf3 Rc2 31. Rd2 Rc1+ 32. Kg2 Ra1 33. Nd4 Kf8 34. Rc2 Rb1 35. Rc8+ Ke7 36. Rc7+ Kf6 37. Rxa7 Rb2 38. Ra6 Rxa2 39. b4 Ra4 40. Rxb6+ 1-0

[Event "Bad Bevensen Seniors op 12th"]
[Site "Bad Bevensen"]
[Date "2009.07.10"]
[Round "4"]
[White "Oldach, Ehrenfried"]
[Black "Dornieden, Manfred"]
[Result "1/2-1/2"]
[WhiteElo "1932"]
[BlackElo "2175"]
[PlyCount "39"]
[EventDate "2009.07.07"]
[EventType "swiss"]
[EventRounds "9"]
[EventCountry "GER"]
[SourceTitle "EXT 2022"]
[Source "ChessBase"]
[SourceDate "2021.10.06"]
[SourceVersion "1"]
[SourceVersionDate "2021.10.06"]
[SourceQuality "1"]

1. e4 d6 2. d4 g6 3. Nc3 Bg7 4. Nf3 Bg4 5. Be2 Nc6 6. Be3 e5 7. dxe5 Bxf3 8. Bxf3 dxe5 9. Qxd8+ Nxd8 10. Nd5 Ne6 11. Bg4 0-0-0 12. Bxe6+ fxe6 13. Nc3 Bh6 14. Ke2 Bxe3 15. Kxe3 Ne7 16. Ne2 Rd6 17. Rad1 Rhd8 18. Rxd6 cxd6 19. c3 Kd7 20. h4 1/2-1/2

[Event "EU-chT Seniors 11th"]
[Site "Velden"]
[Date "2009.04.10"]
[Round "6"]
[White "Muratoglu, Salih"]
[Black "Dornieden, Manfred"]
[Result "1-0"]
[WhiteElo "2105"]
[BlackElo "2264"]
[PlyCount "51"]
[EventDate "2009.04.05"]
[EventType "team-swiss"]
[EventRounds "9"]
[EventCountry "AUT"]
[SourceTitle "CBM 129 Extra"]
[Source "ChessBase"]
[SourceDate "2009.05.05"]
[SourceVersion "2"]
[SourceVersionDate "2009.05.20"]
[SourceQuality "1"]

1. d4 g6 2. c4 Bg7 3. Nf3 d6 4. Nc3 Nf6 5. e4 0-0 6. Be2 Bg4 7. h3 Bxf3 8. Bxf3 Nc6 9. Be3 e5 10. d5 Nd4 11. 0-0 c5 12. dxc6 Nxf3+ 13. Qxf3 bxc6 14. Rfd1 Qe7 15. b4 Rfd8 16. a4 a6 17. b5 axb5 18. axb5 Rxa1 19. Rxa1 d5 20. cxd5 cxd5 21. Bg5 h6 22. Nxd5 Rxd5 23. Bxf6 Bxf6 24. exd5 e4 25. Ra8+ Kg7 26. Qa3 1-0

[Event "EU-chT Seniors 11th"]
[Site "Velden"]
[Date "2009.04.06"]
[Round "2"]
[White "Micheli, Carlo"]
[Black "Dornieden, Manfred"]
[Result "1-0"]
[WhiteElo "2302"]
[BlackElo "2264"]
[PlyCount "95"]
[EventDate "2009.04.05"]
[EventType "team-swiss"]
[EventRounds "9"]
[EventCountry "AUT"]
[SourceTitle "CBM 129 Extra"]
[Source "ChessBase"]
[SourceDate "2009.05.05"]
[SourceVersion "2"]
[SourceVersionDate "2009.05.20"]
[SourceQuality "1"]

1. e4 g6 2. d4 Bg7 3. Nc3 c6 4. h3 d6 5. a4 Nf6 6. Nf3 0-0 7. Be3 Qa5 8. Nd2 Be6 9. Be2 Na6 10. 0-0 Nb4 11. f4 Qc7 12. g4 c5 13. d5 Bxd5 14. g5 Qd7 15. gxf6 Qxh3 16. Bf2 Bxf6 17. Bg4 Qh6 18. Nxd5 Nxd5 19. exd5 Qxf4 20. Ra3 Bxb2 21. Rh3 h5 22. Bxh5 Kg7 23. Be3 Qxa4 24. Rf4 Qd7 25. Qf1 Be5 26. Rf2 Bf6 27. Bh6+ Kg8 28. Bxf8 Rxf8 29. Rxf6 exf6 30. Ne4 Qe7 31. Nxf6+ Kg7 32. Rf3 Qe5 33. Bg4 Rh8 34. Bh3 Rh4 35. Qf2 Qg5+ 36. Kh1 Rd4 37. Ne8+ Kh6 38. Nxd6 Rd1+ 39. Bf1 Qh5+ 40. Qh2 Qxh2+ 41. Kxh2 Rxd5 42. Nxf7+ Kg7 43. Bd3 c4 44. Be4 Rh5+ 45. Kg3 b5 46. Nd6 Rg5+ 47. Kf4 Rc5 48. Ke3 1-0

[Event "Wch Seniors 18th"]
[Site "Bad Zwischenahn"]
[Date "2008.11.04"]
[Round "8"]
[White "Hocevar, Nikola"]
[Black "Dornieden, Manfred"]
[Result "1/2-1/2"]
[WhiteElo "2113"]
[BlackElo "2266"]
[PlyCount "27"]
[EventDate "2008.10.28"]
[EventType "swiss"]
[EventRounds "11"]
[EventCountry "GER"]
[SourceTitle "EXT 2009"]
[Source "ChessBase"]
[SourceDate "2008.11.26"]
[SourceVersion "1"]
[SourceVersionDate "2008.11.26"]
[SourceQuality "1"]

1. d4 d6 2. e4 g6 3. c3 Bg7 4. Nf3 Nf6 5. Bd3 0-0 6. 0-0 c6 7. h3 Qc7 8. Be3 e5 9. Nbd2 Nbd7 10. Qc2 d5 11. dxe5 dxe4 12. Nxe4 Nxe4 13. Bxe4 Nxe5 14. Nxe5 1/2-1/2